عرض عادي
عرض مارك
- Case, Christine L.,
مدخل إسم شخص
001 - رقم الضبط
- حقل الضبط: 88720
003 - معرف رقم الضبط
- حقل الضبط: OSt
005 - تاريخ ووقت أخر عملية
- حقل الضبط: 20210306174206.0
008 - عناصر بيانات ثابتة الطول
- حقل تحكم ثابت الطول: 210306|| aca||aabn | a|a d
040 ## - مصدر الفهرسة
- هيئة الفهرسة الأصلية: OSt
- وكالة الكتابة: OSt
100 ## - مدخل -- أسم شخص
- إسم شخص: Case, Christine L.,
- تواريخ مرتبطة بالاسم: 1948-
670 ## - بيانات المصدر موجوده
- الاستشهاد بالمصدر: Work cat.: (OSt)0: Tortora, Gerard J 38025, Microbiology :, 2020
